Best Musical Tony Award Winners: Sudden Death - Statistics

General Stats
  • This quiz has been taken 14 times
  • The average score is 8 of 18
Answers on the Grid
Answers color-coded by a green-red scale on the quiz's grid according to % correct below.
Wicked
Hair
Grease
Gypsy
Chicago
Into the Woods
West Side Story
Mamma Mia!
Oliver!
Pippin
Ragtime
Sunday in the Park with George
Man of La Mancha
Les Misérables
Phantom of the Opera
A Strange Loop
Thoroughly Modern Millie
Avenue Q
Maybe Happy Ending
Contact
City of Angels
Spamalot
In the Heights
Memphis
A Gentleman's Guide to Love and Murder
Kimberly Akimbo
Kiss of the Spider Woman
The Will Rogers Follies
The Mystery of Edwin Drood
Raisin
 
Answer Stats
Answer % Correct
Winner, 2004 Avenue Q
70%
Winner, 2008 In the Heights
60%
Winner, 2005 Spamalot
60%
Winner, 2014 A Gentleman's Guide to Love and Murder
50%
Winner, 2023 Kimberly Akimbo
50%
Winner, 1987 Les Misérables
50%
Winner, 1966 Man of La Mancha
50%
Winner, 2024 Maybe Happy Ending
50%
Winner, 1988 Phantom of the Opera
50%
Winner, 2002 Thoroughly Modern Millie
50%
Winner, 2022 A Strange Loop
40%
Winner, 1990 City of Angels
40%
Winner, 1993 Kiss of the Spider Woman
40%
Winner, 2010 Memphis
40%
Winner, 1974 Raisin
40%
Winner, 2000 Contact
30%
Winner, 1986 The Mystery of Edwin Drood
30%
Winner, 1991 The Will Rogers Follies
30%
No matching quizzes found
Score Distribution
Percent of People with Each Score
Percentile by Number Answered
Your Score History
You have not taken this quiz